00865 2200313 4500001002100000005001500021035002000036007000300056040001700059245006500076250001100141300003300152041000800185082001100193090002300204264004000227336002100267337003000288338002300318850001000341008004100351650001900392020002200411700003500433084001700468990002200485990002200507990002200529INLIS00000000000722320260603102050 a0010-0822000197ta aSBPUPADbind aSeri Yuk Mewarnai Peralatan Sekolahku /cTim Kreatif Rainbow a.-Ed.1 avi,30 Hlm :billus. ;c21 cm07aind a372.21 a629.22 DAR s L20-5 a.--Yogyakarta :bAndi Offset,c2019 2rdacontentateks 2rdamediaatanpa perantara 2rdacarrieravolume aPUPAD260603 1  4aBuku Pelajaran a978-623-90315-9-60 aTim Kreatif RainbowePengarang a372.21 PER p a36.586/B/DPK/2022 a36.587/B/DPK/2022 a36.585/B/DPK/2022